000 00256nam a22000977a 4500
999 _c516532
_d516532
082 _aTNC A99x54 Ma21
100 _aMadhuresh
_923053
245 _aRadheshyam Kathavachak
_cby Madhuresh
260 _aNew Delhi
_bRashtriya Natya Vidyalaya
_c2010
300 _a143p.